00261 a2200121 4500001000700000020001800007040001100025100001600036240003800052245003300090300000700123362000900130171546 a85-305-0195-0 cMagnum aRocha, Ruth10aPalavras, muitas palavras...lpor10aPalavras, muitas palavras... a460 a1998